000 00365nam a2200145Ia 4500
008 231129s2000||||xx |||||||||||||| ||spa||
020 _a968-19-0615-2
040 _bspa
082 _aM863.6 / C617d
100 _aClavel Ana
245 0 _aLos deseos y su sombra
260 _c2000
264 _aAlfaguara
942 _2ddc
_cBKS
999 _c19614
_d19614